000 00435cam a2200169ua 4500
020 _c4.00
041 _amal
_h
082 _a894.812308
_bTUR/PA
100 _aTurgenev, Ivan .
245 _aPadivathilkal /
_cIvan Turgenev.
_hTextual Documents
260 _aKottayam :
_bPrabhatham printing and publishing co. pvt. ltd. ,
_c1960.
300 _a312 ; .
365 _a4.00
504 _a
942 _cBK
999 _c4564
_d4564